[Event "Bashkortostan-ch"]
[Site "Tuimazy"]
[Date "2020.02.05"]
[Round "8"]
[White "Davletshin, Vener"]
[Black "Tazetdinov, Munir"]
[Result "0-1"]
[WhiteElo "1654"]
[BlackElo "1746"]
[PlyCount "46"]
[EventDate "2020.01.26"]
[EventType "tourn"]
[EventRounds "11"]
[EventCountry "RUS"]
[SourceTitle "CBM 195 Extra"]
[Source "ChessBase"]
[SourceDate "2020.05.31"]
[SourceVersion "1"]
[SourceVersionDate "2020.05.31"]
[SourceQuality "1"]

1. d4 f5 2. c4 Nf6 3. Nc3 g6 4. g3 c6 5. Bg2 Bg7 6. e3 d5 7. cxd5 cxd5 8. Nge2 0-0 9. 0-0 Nc6 10. b3 Rb8 11. Bd2 Ne4 12. Rc1 e5 13. dxe5 Nxe5 14. Be1 b6 15. Qxd5+ Qxd5 16. Nxd5 Ba6 17. Rc2 Bd3 18. Bxe4 Bxe4 19. Rd2 Nf3+ 20. Kg2 Nxd2+ 21. f3 Nxf1 22. fxe4 fxe4 23. Bb4 Rf3 0-1

[Event "Bashkortostan-ch"]
[Site "Tuimazy"]
[Date "2020.02.02"]
[Round "6"]
[White "Davletshin, Vener"]
[Black "Zemlyanov, Nikita Anatolievich"]
[Result "0-1"]
[WhiteElo "1654"]
[BlackElo "2023"]
[PlyCount "76"]
[EventDate "2020.01.26"]
[EventType "tourn"]
[EventRounds "11"]
[EventCountry "RUS"]
[SourceTitle "CBM 195 Extra"]
[Source "ChessBase"]
[SourceDate "2020.05.31"]
[SourceVersion "1"]
[SourceVersionDate "2020.05.31"]
[SourceQuality "1"]

1. d4 Nf6 2. Nf3 c5 3. c3 d5 4. e3 Nc6 5. Be2 Bf5 6. 0-0 e6 7. Bd2 Be7 8. a3 0-0 9. Nh4 Bg6 10. Be1 Qb6 11. Nxg6 hxg6 12. b4 cxb4 13. cxb4 Rac8 14. Nc3 Qc7 15. f4 Bd6 16. Bd2 Qe7 17. Rc1 Nd7 18. Na4 g5 19. f5 e5 20. dxe5 Ncxe5 21. Nc3 Nb6 22. Nb5 Bb8 23. Nd4 Nec4 24. Bxc4 Nxc4 25. Rxc4 Rxc4 26. f6 Qe5 27. g3 g6 28. Qg4 Rd8 29. Qh3 Rd6 30. Nf5 Rxf6 31. Nh6+ Kg7 32. Rxf6 Qxf6 33. Ng4 Qa1+ 34. Kf2 Rc2 35. Qh6+ Kg8 36. Ke2 Qc3 37. Qxg5 Qxd2+ 38. Kf3 Qe2# 0-1

[Event "Tuimazy-ch"]
[Site "Tuimazy"]
[Date "2019.02.06"]
[Round "7"]
[White "Tazetdinov, Munir"]
[Black "Davletshin, Vener"]
[Result "1-0"]
[WhiteElo "1817"]
[BlackElo "1693"]
[PlyCount "73"]
[EventDate "2019.01.27"]
[EventType "tourn"]
[EventRounds "11"]
[EventCountry "RUS"]
[SourceTitle "CBM 189 Extra"]
[Source "ChessBase"]
[SourceDate "2019.06.03"]
[SourceVersion "1"]
[SourceVersionDate "2019.06.03"]
[SourceQuality "1"]

1. d4 d5 2. c4 c6 3. Nf3 Nf6 4. g3 h6 5. Bg2 Bf5 6. 0-0 e6 7. Nc3 Bd6 8. cxd5 cxd5 9. Nb5 Nc6 10. Nxd6+ Qxd6 11. Bf4 Qb4 12. b3 0-0 13. a3 Qe7 14. b4 a6 15. Rc1 Rfc8 16. Qb3 Ne4 17. Rfd1 f6 18. Ne1 Nd6 19. Bxd5 g5 20. Bxd6 Qxd6 21. Bxc6 Rxc6 22. Rxc6 Qxc6 23. d5 exd5 24. Qxd5+ Qxd5 25. Rxd5 Be4 26. Rd4 Re8 27. f3 Bc6 28. Kf2 Kf7 29. Nd3 h5 30. h4 Kg6 31. e4 Re6 32. Nc5 Re7 33. Rd6 Kf7 34. hxg5 fxg5 35. Rh6 Kg7 36. Rxh5 Kg6 37. Rh8 1-0

[Event "Tuimazy Bashkortostan Cup"]
[Site "Tuimazy"]
[Date "2015.09.23"]
[Round "8"]
[White "Davletshin, Vener"]
[Black "Bigalin, Ilnar"]
[Result "1-0"]
[WhiteElo "1743"]
[BlackElo "1226"]
[PlyCount "51"]
[EventDate "2015.09.12"]
[EventType "tourn"]
[EventRounds "11"]
[EventCountry "RUS"]
[SourceTitle "EXT 2016"]
[Source "ChessBase"]
[SourceDate "2015.10.08"]
[SourceVersion "1"]
[SourceVersionDate "2015.10.08"]
[SourceQuality "1"]

1. e4 c5 2. Nf3 Nc6 3. d4 cxd4 4. Nxd4 d6 5. Nc3 Nf6 6. Be2 e5 7. Nb3 Be6 8. 0-0 Be7 9. f4 exf4 10. Bxf4 0-0 11. Rf3 Ng4 12. Rd3 Qb6+ 13. Nd4 Nge5 14. Rd2 Qxb2 15. Nxc6 bxc6 16. Bxe5 dxe5 17. Rd3 Qb6+ 18. Kh1 Rab8 19. Bg4 Bc4 20. Rh3 Rfd8 21. Qe1 g6 22. Be2 Be6 23. Rd3 Qc5 24. Rad1 Qb6 25. Na4 Qb5 26. Rxd8+ 1-0

[Event "Tuimazy Bashkortostan Cup"]
[Site "Tuimazy"]
[Date "2015.09.22"]
[Round "7"]
[White "Gafarov, Damir"]
[Black "Davletshin, Vener"]
[Result "1-0"]
[WhiteElo "1622"]
[BlackElo "1743"]
[PlyCount "49"]
[EventDate "2015.09.12"]
[EventType "tourn"]
[EventRounds "11"]
[EventCountry "RUS"]
[SourceTitle "EXT 2016"]
[Source "ChessBase"]
[SourceDate "2015.10.08"]
[SourceVersion "1"]
[SourceVersionDate "2015.10.08"]
[SourceQuality "1"]

1. e4 c5 2. d4 cxd4 3. c3 dxc3 4. Nxc3 Nc6 5. Bc4 e6 6. Nf3 a6 7. 0-0 Nge7 8. Qe2 Ng6 9. Rd1 Qc7 10. Bb3 Bb4 11. Bd2 0-0 12. Rac1 b5 13. Nxb5 axb5 14. Bxb4 Re8 15. Bd6 Qa5 16. Ng5 b4 17. Rc5 Qd8 18. Qh5 h6 19. Nxf7 Kxf7 20. Rf5+ Kg8 21. Qxg6 Ne7 22. Bxe7 Qxe7 23. Rh5 Kh8 24. e5 Ba6 25. Bc2 1-0